[Event "Avoine op 33rd"]
[Site "Avoine"]
[Date "2018.07.23"]
[Round "3"]
[White "Coiffait, Casimir"]
[Black "Najart, David"]
[Result "0-1"]
[WhiteElo "1937"]
[BlackElo "2230"]
[PlyCount "82"]
[EventDate "2018.07.21"]
[EventType "swiss"]
[EventRounds "9"]
[EventCountry "FRA"]
[SourceTitle "CBM 185 Extra"]
[Source "ChessBase"]
[SourceDate "2018.07.29"]
[SourceVersion "1"]
[SourceVersionDate "2018.07.29"]
[SourceQuality "1"]

1. e4 c5 2. Nc3 d6 3. f4 Nc6 4. Nf3 g6 5. Bc4 Bg7 6. d3 e6 7. 0-0 Nge7 8. Qe1 h6 9. Qh4 a6 10. a4 Nd4 11. f5 gxf5 12. Qh5 Ng6 13. Be3 f4 14. Bxd4 cxd4 15. Ne2 Bd7 16. a5 Rc8 17. Nfxd4 Qg5 18. Qxg5 hxg5 19. c3 Ne5 20. b3 Ng4 21. h3 Ne3 22. Rfe1 e5 23. Nf3 Bf6 24. Bd5 Ke7 25. Nh2 g4 26. hxg4 Rh7 27. g3 Rch8 28. Nf1 Nxd5 29. exd5 f3 30. Nf4 Bxg4 31. d4 Kd7 32. dxe5 Bxe5 33. Re3 Rh1+ 34. Kf2 f5 35. Rae1 Rg8 36. b4 Bxf4 37. gxf4 Bh5 38. Re7+ Kd8 39. Rxb7 Rg2+ 40. Ke3 Re2+ 41. Rxe2 fxe2 0-1

[Event "Leiden LCT op-B 11th"]
[Site "Leiden"]
[Date "2017.07.20"]
[Round "6"]
[White "Le Clercq, Maxim"]
[Black "Coiffait, Casimir"]
[Result "1/2-1/2"]
[WhiteElo "1906"]
[BlackElo "1853"]
[PlyCount "139"]
[EventDate "2017.07.14"]
[EventType "swiss"]
[EventRounds "9"]
[EventCountry "NED"]
[SourceTitle "EXT 2018"]
[Source "ChessBase"]
[SourceDate "2017.10.13"]
[SourceVersion "1"]
[SourceVersionDate "2017.10.13"]
[SourceQuality "1"]

1. d4 Nf6 2. Bf4 e6 3. Nf3 b6 4. e3 Bb7 5. Bd3 c5 6. c3 Be7 7. Nbd2 cxd4 8. exd4 0-0 9. h4 d6 10. Qe2 Nbd7 11. 0-0-0 Nd5 12. Bh2 N7f6 13. Ng5 b5 14. Kb1 b4 15. c4 Nb6 16. Bf4 Nbd7 17. Ndf3 b3 18. axb3 Qb6 19. Rh3 a5 20. Qc2 h6 21. Nh7 Nxh7 22. Bxh7+ Kh8 23. Ng5 Nf6 24. Bd3 a4 25. b4 Qxb4 26. Bf1 a3 27. Rb3 a2+ 28. Ka1 Qa4 29. Qd3 Bc6 30. Be2 Qa7 31. Rh1 Qd7 32. Bd1 Ba4 33. Ra3 Bxd1 34. Rxa8 Rxa8 35. Qxd1 Kg8 36. Qd3 e5 37. Be3 hxg5 38. hxg5 e4 39. Qe2 g6 40. gxf6 Bxf6 41. g3 Qa7 42. Qd2 Qa4 43. Bg5 Bg7 44. Bh6 Bh8 45. Bf8 Kxf8 46. Rxh8+ Ke7 47. Qg5+ Kd7 48. Rxa8 Qxa8 49. Qf6 Qa4 50. Qxf7+ Kd8 51. Qg8+ Kd7 52. Qf7+ Kd8 53. Qg8+ Kd7 54. Qh7+ Kd8 55. Qh4+ Kd7 56. Qg4+ Kc7 57. Qe2 Qb3 58. Qd2 Qxc4 59. Qc3 d5 60. Qxc4+ dxc4 61. Kxa2 Kc6 62. Kb1 Kd5 63. Kc2 Kxd4 64. Kd2 g5 65. g4 Kd5 66. Ke2 Ke6 67. Kd2 Kd6 68. Ke2 Ke6 69. Kd2 Kd5 70. Ke2 1/2-1/2

[Event "Leiden LCT op-B 11th"]
[Site "Leiden"]
[Date "2017.07.16"]
[Round "3"]
[White "Frijling, Jeroen"]
[Black "Coiffait, Casimir"]
[Result "0-1"]
[WhiteElo "1762"]
[BlackElo "1853"]
[PlyCount "36"]
[EventDate "2017.07.14"]
[EventType "swiss"]
[EventRounds "9"]
[EventCountry "NED"]
[SourceTitle "EXT 2018"]
[Source "ChessBase"]
[SourceDate "2017.10.13"]
[SourceVersion "1"]
[SourceVersionDate "2017.10.13"]
[SourceQuality "1"]

1. d4 Nf6 2. c4 e6 3. g3 c5 4. d5 exd5 5. cxd5 b5 6. Bg2 d6 7. Nc3 b4 8. Ne4 Nxe4 9. Bxe4 g6 10. Nf3 Bg7 11. 0-0 0-0 12. Rb1 Nd7 13. a3 a5 14. b3 Nf6 15. Bd3 Nxd5 16. Be4 Nc3 17. Qc2 Nxe4 18. Qxe4 Bf5 0-1

[Event "Sautron op 13th"]
[Site "Sautron"]
[Date "2013.10.??"]
[Round "1"]
[White "Colas, Bruno"]
[Black "Coiffait, Casimir"]
[Result "0-1"]
[WhiteElo "1620"]
[BlackElo "1770"]
[PlyCount "40"]
[EventDate "2013.10.26"]
[EventType "swiss"]
[EventRounds "9"]
[EventCountry "FRA"]
[SourceTitle "EXT 2016"]
[Source "ChessBase"]
[SourceDate "2015.10.08"]
[SourceVersion "1"]
[SourceVersionDate "2015.10.08"]
[SourceQuality "1"]

1. e4 e6 2. d4 d5 3. Nc3 Nf6 4. e5 Nfd7 5. Nf3 c5 6. Ne2 Nc6 7. c3 cxd4 8. cxd4 Qb6 9. Nc3 f6 10. exf6 Nxf6 11. Bd3 Bd7 12. Bc2 Bd6 13. 0-0 0-0 14. Re1 a6 15. a3 Rac8 16. Qd3 Qc7 17. Bg5 g6 18. Rac1 Ng4 19. Bh4 Bxh2+ 20. Kh1 Bf4 0-1

[Event "FRA-ch op-C"]
[Site "Nancy"]
[Date "2013.08.14"]
[Round "3"]
[White "Ribiere, Damien"]
[Black "Coiffait, Casimir"]
[Result "1-0"]
[WhiteElo "1686"]
[BlackElo "1764"]
[PlyCount "125"]
[EventDate "2013.08.11"]
[EventType "swiss"]
[EventRounds "11"]
[EventCountry "FRA"]
[SourceTitle "CBM 156 Extra"]
[Source "ChessBase"]
[SourceDate "2013.10.22"]
[SourceVersion "1"]
[SourceVersionDate "2013.10.22"]
[SourceQuality "1"]

1. e4 e6 2. d4 d5 3. Nc3 Nf6 4. e5 Nfd7 5. Nf3 c5 6. dxc5 Bxc5 7. Bd3 Nc6 8. Bf4 a6 9. 0-0 f6 10. exf6 Nxf6 11. Qe2 Nd4 12. Nxd4 Bxd4 13. Qd2 Bc5 14. Rae1 0-0 15. Bg5 Bd6 16. Nd1 e5 17. Ne3 e4 18. Be2 d4 19. Bc4+ Kh8 20. Nd5 e3 21. fxe3 Ne4 22. Bxd8 Rxf1+ 23. Bxf1 Nxd2 24. exd4 Bd7 25. Ba5 Nxf1 26. Rxf1 Re8 27. Bc7 Bb5 28. Rc1 Bf8 29. c4 Bc6 30. Nc3 Rc8 31. Be5 b6 32. a3 Kg8 33. b4 Be7 34. d5 Bd7 35. Ne4 Bf5 36. Ng3 Bd3 37. d6 Bd8 38. c5 bxc5 39. bxc5 Bb5 40. Nf5 g6 41. Nd4 Bg5 42. Rc3 Bc6 43. Nxc6 Rxc6 44. Bd4 Kf7 45. Kf2 Ke6 46. Ke2 Rc8 47. Rb3 Rf8 48. g3 Kd5 49. Rd3 Kc6 50. h4 Re8+ 51. Kd1 Bd8 52. Re3 Rf8 53. Kd2 Rf2+ 54. Kd3 Rf1 55. Kc4 Rc1+ 56. Rc3 Rf1 57. Rb3 Rc1+ 58. Bc3 Rg1 59. Rb8 Rxg3 60. Rxd8 Rg4+ 61. Bd4 Rxh4 62. Rc8+ Kd7 63. Rc7+ 1-0